Women employment transitions and fertility

Kaydedildi:
Detaylı Bibliyografya
Yazar: Perticara, Marcela C (Yazar)
Materyal Türü: Kitap
Dil:İngilizce
Baskı/Yayın Bilgisi: Santiago Universidad Alberto Hurtado 2006
Seri Bilgileri:Serie Documentos de Investigación, I-172
Konular:
Etiketler: Etiketle
Etiket eklenmemiş, İlk siz ekleyin!

MARC

LEADER 00000nam a2200000 a 4500
001 UCJ2293
003 CL-VaPUC
008 061207e20060000CL |||||||||||||||||eng|d
082 0 4 |a 331.44  |b PER  |2 21 
100 0 |a Perticara, Marcela C  |e author  |9 503295 
245 1 0 |a Women employment transitions and fertility 
300 |a 26 p 
942 |c BK 
945 |d 20061207 00:00:00  |a cmena 
260 |a Santiago  |b Universidad Alberto Hurtado  |c 2006 
650 0 |a Mujeres trabajadoras  |9 259236 
650 0 |a Política gubernamental  |9 262286 
650 0 |a Protección social  |9 256186 
650 7 |a DISCRIMINACION LABORAL  |2 CL-VaPUC  |9 410817 
650 0 |a Mujeres embarazadas  |9 411610 
583 |a last modification  |c 20061207 00:00:00  |k Rodrigo Vera 
490 0 |a Serie Documentos de Investigación, I-172 
999 |c 318641  |d 318639 
952 |0 0  |1 0  |4 0  |6 331_440000000000000_PER_2006  |7 0  |8 A  |9 396588  |a BIBING  |b BIBING  |d 2019-11-22  |i 4300920  |o 331.44 PER 2006  |p 4300920  |r 2025-01-20  |w 2019-11-22  |y BK  |k ING